000 00506nam a2200181Ia 4500
001 3234
005 20260306144906.0
008 260306t2012||||xx |||||||||||||| ||spa||
041 _aESP
082 _a262.9
_bD57 2012
100 _aDenzinger, Heinrich
_eAUT
245 0 _aEl magisterio de la iglesia:
_benchiridion symbolorum definitionum et declarationum de rebus fidei et morum
260 _c2012
300 _a1630 páginas :
_c25 cm.
650 _aGEN
654 _aCHU
942 _cLIB
_dJUS
_fJUS
_2ddc
_n
999 _c3234
_d3234